[Event "Druzynowe Mistrzostwa Polski Juniorow - II Liga"]
[Site "Iwonicz"]
[Date "2016-07-31"]
[Round "2.77"]
[White "Filipska, Maja"]
[Black "Winter, Anna"]
[Result "0-1"]
[WhiteTitle "I+"]
[BlackTitle "I"]
[WhiteElo "1406"]
[BlackElo "1374"]

1. e4 d5 2. exd5 Qxd5 3. Nc3 Qd6 4. Nf3 Nf6 5. Bc4 c6 6. O-O Bg4 7. d3 e6 8. Bg5
Nbd7 9. h3 Bh5 10. Qe2 Qc7 11. Rad1 Bd6 12. d4 O-O 13. Ne4 Nxe4 14. Qxe4 Bg6 15.
Qe2 Bf4 16. Bxf4 Qxf4 17. c3 Rad8 18. Qe3 Qxe3 19. fxe3 Nf6 20. Ne5 Nd5 21. Bxd5
exd5 22. Nxg6 hxg6 23. Rf4 Rde8 24. Re1 Re4 25. Rxe4 dxe4 26. c4 Rd8 27. Rd1 f5
28. Kf2 g5 29. Kg3 Rf8 30. Rf1 Kh7 31. d5 cxd5 32. cxd5 Kg6 33. h4 Rd8 34. Rd1
gxh4+ 35. Kxh4 Kf6 36. g4 g6 37. gxf5 gxf5 38. d6 Rh8+ 39. Kg3 Rg8+ 40. Kf2 Ke6
41. d7 Rd8 42. Kg3 Rxd7 43. Rb1 Rd3 44. Kf2 Rd2+ 45. Kf1 Rh2 46. Kg1 Re2 47. a3
Rxe3 48. Kf2 Rb3 49. Ke2 f4 50. Kd2 f3 51. Kc2 Rd3 52. Rf1 Ke5 53. a4 Kf4 54.
a5 Rd5 55. b4 e3 56. b5 e2 57. Re1 f2 58. Rxe2 f1=Q 0-1

[Event "Druzynowe Mistrzostwa Polski Juniorow - II Liga"]
[Site "Iwonicz"]
[Date "2016-07-31"]
[Round "2.78"]
[White "Uliasz, Katarzyna"]
[Black "Wyrzykowska, Aleksandra"]
[Result "0-1"]
[WhiteTitle "II+"]
[BlackTitle "I"]
[WhiteElo "1097"]
[BlackElo "1251"]

1. Nf3 Nc6 2. g3 e5 3. d3 d5 4. Bg2 Nf6 5. O-O Bc5 6. c4 d4 7. Bg5 O-O 8. Nbd2
Bf5 9. Nb3 Be7 10. Bxf6 Bxf6 11. Qd2 Qd6 12. a3 Rfe8 13. Rfd1 Rad8 14. Na5 Nxa5
15. Qxa5 a6 16. b4 Bg6 17. Qa4 Qe7 18. Qb3 e4 19. Ne1 exd3 20. exd3 b6 21. a4
Bh5 22. Rdc1 Bg5 23. f4 Bf6 24. b5 a5 25. Bc6 Qe3+ 26. Kg2 Qd2+ 27. Kg1 Re2 28.
Qc2 Qe3+ 29. Kh1 Rxc2 30. Nxc2 Qxd3 31. Ne1 Qf1# 0-1

[Event "Druzynowe Mistrzostwa Polski Juniorow - II Liga"]
[Site "Iwonicz"]
[Date "2016-07-31"]
[Round "2.79"]
[White "Miasik, Adrian"]
[Black "Szustakowski, Antoni"]
[Result "0-1"]
[WhiteTitle "I"]
[BlackTitle "I++"]
[WhiteElo "1950"]
[BlackElo "2033"]

1. d4 Nf6 2. Nf3 e6 3. c4 d5 4. Nc3 c5 5. e3 a6 6. a4 Nc6 7. Bd3 Nb4 8. Bb1 dxc4
9. O-O Qc7 10. Qe2 cxd4 11. exd4 Be7 12. Ne5 Nbd5 13. Ne4 Nxe4 14. Qxe4 f5 15.
Qe2 O-O 16. Nxc4 Bf6 17. Ne5 b6 18. Ba2 Bb7 19. Bd2 Rac8 20. Rac1 Qd6 21. Nc4
Qc6 22. Ne5 Nf4 23. Bxe6+ Kh8 24. Qf3 Ne2+ 25. Kh1 Qxf3 26. Nxf3 Rce8 27. Bb4
Nxc1 28. Rxc1 Be7 29. Bxe7 Rxe7 30. d5 g6 31. Ne5 Bxd5 32. Nf7+ Rfxf7 33. Bxd5
0-1

[Event "Druzynowe Mistrzostwa Polski Juniorow - II Liga"]
[Site "Iwonicz"]
[Date "2016-07-31"]
[Round "2.80"]
[White "Kozlowski, Bartlomiej"]
[Black "Ciasnocha, Michal"]
[Result "0-1"]
[WhiteTitle "II"]
[BlackTitle "II"]
[WhiteElo "1474"]
[BlackElo "1460"]

1. e4 e5 2. Nf3 Nc6 3. Nc3 Nf6 4. Bc4 Be7 5. O-O d6 6. h3 O-O 7. d3 Na5 8. Bb3
Nxb3 9. axb3 c6 10. Be3 a6 11. Na4 Nd7 12. d4 exd4 13. Nxd4 Nf6 14. Nc3 d5 15.
exd5 Nxd5 16. Ne4 Nxe3 17. fxe3 Qb6 18. Qh5 c5 19. Nf3 f6 20. Nfd2 Be6 21. c4
Rad8 22. Rf4 f5 23. Raf1 fxe4 24. Rxf8+ Rxf8 25. Qe5 Qd6 26. Qxd6 Rxf1+ 27. Kxf1
Bxd6 28. Nxe4 Be7 29. Ke2 b6 30. Kd1 Bf6 31. Kc1 Kf7 32. g4 0-1

[Event "Druzynowe Mistrzostwa Polski Juniorow - II Liga"]
[Site "Iwonicz"]
[Date "2016-07-31"]
[Round "2.83"]
[White "Luka, Agnieszka"]
[Black "Reszka, Zofia"]
[Result "1/2-1/2"]
[WhiteTitle "II"]
[BlackTitle "II+"]
[WhiteElo "1307"]
[BlackElo "1127"]

1. d4 d5 2. c4 e6 3. cxd5 exd5 4. Nc3 Nf6 5. Bg5 Be6 6. e3 Be7 7. Qc2 O-O 8. Bd3
g6 9. Nge2 Nbd7 10. O-O c5 11. dxc5 Nxc5 12. a3 Rc8 13. b4 Nxd3 14. Qxd3 Re8 15.
Nd4 Ng4 16. Bf4 Bd6 17. Nde2 Bxf4 18. Nxf4 Qh4 19. h3 Ne5 20. Qd4 Rc4 21. Qxe5
f6 22. Qd6 Rc6 23. Qxe6+ Rexe6 24. Nxe6 Rxe6 25. Nxd5 Re5 26. Nf4 g5 27. Nd3 Rd5
28. Rfd1 g4 29. Nf4 Rf5 30. hxg4 Qxg4 31. Rd8+ Kg7 32. Rad1 Rg5 33. R1d7+ Kh6
34. Rf7 Qf5 35. Rdf8 Qb1+ 36. Kh2 Rg4 37. Rxf6+ Kg5 38. Ne6+ Kh5 39. Rf5+ Kh6
40. R8f6+ Rg6 41. Rxg6+ hxg6 42. Rf4 Kh7 43. Rf7+ Kh8 44. Rxb7 Qd1 45. Rb8+ Kh7
46. Rd8 Qh5+ 47. Kg1 Qe5 48. Nd4 Qc7 49. Rd5 Qc1+ 50. Kh2 Qc7+ 1/2-1/2

[Event "Druzynowe Mistrzostwa Polski Juniorow - II Liga"]
[Site "Iwonicz"]
[Date "2016-07-31"]
[Round "2.85"]
[White "Marczak, Szymon"]
[Black "Szydelko, Michal"]
[Result "0-1"]
[WhiteTitle "I"]
[BlackTitle "I"]
[WhiteElo "1709"]
[BlackElo "1622"]

1. e4 c5 2. Nf3 d6 3. Bb5+ Bd7 4. Bxd7+ Nxd7 5. O-O Ngf6 6. Re1 e6 7. d4 cxd4 8.
Nxd4 Be7 9. Nc3 O-O 10. Be3 a6 11. f4 Nc5 12. Bf2 Qc7 13. Qf3 Rfd8 14. Rad1 b5
15. e5 dxe5 16. fxe5 Nd5 17. Nxd5 Rxd5 18. Nxe6 fxe6 19. Rxd5 Rf8 20. Qd1 exd5
21. Qxd5+ Kh8 22. Bg3 Qd7 23. Qxd7 Nxd7 24. Rd1 Nc5 25. e6 Nxe6 26. Re1 Bc5+ 27.
Kh1 Nd4 28. h3 h6 29. c3 Nc2 30. Re2 Rf1+ 31. Kh2 Ne3 32. Be5 Rf5 33. Bb8 Nc4
34. b3 Bd6+ 35. Kg1 Bxb8 36. Re8+ Kh7 37. Rxb8 Ne3 38. Re8 Nd5 39. Re6 Rf6 40.
Rxf6 Nxf6 41. c4 bxc4 42. bxc4 Ne4 43. Kf1 Nd2+ 44. Ke2 Nxc4 0-1

[Event "Druzynowe Mistrzostwa Polski Juniorow - II Liga"]
[Site "Iwonicz"]
[Date "2016-07-31"]
[Round "2.86"]
[White "Sypien, Natan"]
[Black "Franek, Krzysztof"]
[Result "1-0"]
[WhiteTitle "II"]
[BlackTitle "III"]
[WhiteElo "1461"]
[BlackElo "1134"]

1. d4 b6 2. c4 e6 3. Nc3 Bb7 4. e3 Nf6 5. Nf3 c5 6. Bd3 d5 7. O-O Be7 8. Bd2 O-O
9. Qe2 Re8 10. Rfd1 Bf8 11. cxd5 exd5 12. Bb5 Nc6 13. Bxc6 Bxc6 14. Ne5 Rc8 15.
Nxc6 Rxc6 16. Qf3 Ne4 17. Be1 cxd4 18. Rxd4 Rf6 19. Rxd5 Qa8 20. Rf5 Rxf5 21.
Qxf5 Nxc3 22. Bxc3 Qc6 23. Rd1 Qc5 24. Qd7 Re7 25. Qd5 Re8 26. Qb7 Re7 27. Rd7
Rxd7 28. Qxd7 a5 29. Qd4 Qxd4 30. Bxd4 Bc5 31. Bxc5 bxc5 32. Kf1 Kf8 33. Ke2 Ke7
34. Kd3 Kd6 35. Kc4 Kc6 36. a4 g5 37. e4 h5 38. f3 f6 39. g3 g4 40. f4 Kd6 1-0

[Event "Druzynowe Mistrzostwa Polski Juniorow - II Liga"]
[Site "Iwonicz"]
[Date "2016-07-31"]
[Round "2.87"]
[White "Goszyk, Bartosz"]
[Black "Majocha, Piotr"]
[Result "1/2-1/2"]
[WhiteTitle "III"]
[BlackTitle "I"]
[WhiteElo "1126"]
[BlackElo "1751"]

1. e4 e6 2. d4 d5 3. Bd3 Nf6 4. Nc3 dxe4 5. Nxe4 Nbd7 6. Nf3 Be7 7. O-O O-O 8.
Bf4 Nxe4 9. Bxe4 Nf6 10. Bd3 b6 11. c3 Bb7 12. Qe2 c5 13. dxc5 Bxc5 14. Rad1 Qc8
15. Rfe1 Rd8 16. h3 a6 17. a4 a5 18. Bb5 h6 19. Ne5 Nd5 20. Bg3 Nf6 21. Nc4 Bd5
22. Bh4 g5 23. Bg3 Ne4 24. Kh2 Nxg3 25. fxg3 Qc7 26. Qe5 Qxe5 27. Nxe5 f6 28.
Ng4 Kg7 29. Rf1 Be7 30. Ne3 Bb7 31. Nc4 Bc5 32. Rd7+ Rxd7 33. Bxd7 Bd5 34. Bb5
Rd8 35. Rd1 Rf8 36. g4 Rf7 37. Rd2 Re7 38. Re2 Bxc4 39. Bxc4 e5 1/2-1/2

[Event "Druzynowe Mistrzostwa Polski Juniorow - II Liga"]
[Site "Iwonicz"]
[Date "2016-07-31"]
[Round "2.88"]
[White "Lechman, Gabriel"]
[Black "Grzybek, Mikolaj"]
[Result "0-1"]
[WhiteTitle "II"]
[BlackTitle "III"]
[WhiteElo "1226"]
[BlackElo "1201"]

1. c4 e5 2. g3 c6 3. Bg2 d5 4. cxd5 cxd5 5. d3 Nc6 6. Nf3 Bb4+ 7. Bd2 Bxd2+ 8.
Nbxd2 Be6 9. O-O Nge7 10. Rc1 O-O 11. a3 f6 12. b4 b5 13. Rc5 a6 14. Qc2 Rc8 15.
Rc1 Qd7 16. e4 dxe4 17. dxe4 Rfd8 18. Bf1 Na7 19. Nb3 Bxb3 20. Qxb3+ Kf8 21. Qe3
Rxc5 22. Rxc5 Nac6 23. Rc1 Nd4 24. Nxd4 Qxd4 25. Qf3 Rc8 26. Rxc8+ Nxc8 27. Qf5
Nd6 28. Qxh7 Nxe4 29. Qh8+ Kf7 30. Qh5+ Ke6 31. Qg4+ 0-1

[Event "Druzynowe Mistrzostwa Polski Juniorow - II Liga"]
[Site "Iwonicz"]
[Date "2016-07-31"]
[Round "2.89"]
[White "Zamarska, Sylwia"]
[Black "Fajt, Patrycja"]
[Result "1-0"]
[WhiteTitle "I+"]
[BlackTitle "II"]
[WhiteElo "1601"]
[BlackElo "1069"]

1. d4 Nf6 2. c4 e5 3. dxe5 Ng4 4. Bf4 Nc6 5. Nf3 Bb4+ 6. Nc3 Qe7 7. Qd5 Bxc3+ 8.
bxc3 Qa3 9. Qd2 Qc5 10. e3 Ngxe5 11. Nxe5 Nxe5 12. Qd4 Qxd4 13. cxd4 Nc6 14. Bxc7
Nb4 15. Kd2 b6 16. Bd6 Nc6 17. Rb1 Ba6 18. c5 Bxf1 19. Rhxf1 bxc5 20. Bxc5 a6
21. Rb6 f6 22. Rfb1 Kf7 23. Bd6 Ke6 24. Bg3 g5 25. Kd3 h5 26. h3 h4 27. Bh2 f5
28. e4 fxe4+ 29. Kxe4 d5+ 30. Kd3 Rhc8 31. Rc1 Kd7 32. Rc5 Ne7 33. Rb7+ Ke6 34.
Rcc7 Rxc7 35. Rxc7 Rc8 36. Rxc8 Nxc8 37. Kc3 Kd7 38. Kb4 Na7 39. Kc5 Ke6 40. a4
Nc8 41. Bb8 Ne7 42. Kb6 Nf5 43. Be5 Ne7 44. Kxa6 Nc6 45. Bh8 Nb8+ 46. Kb7 Nd7
47. a5 Kd6 48. a6 1-0

[Event "Druzynowe Mistrzostwa Polski Juniorow - II Liga"]
[Site "Iwonicz"]
[Date "2016-07-31"]
[Round "2.90"]
[White "Wasala, Wiktoria"]
[Black "Szczypka, Weronika"]
[Result "1-0"]
[WhiteTitle "I"]
[BlackTitle "II"]
[WhiteElo "1365"]
[BlackElo "1179"]

1. e4 e5 2. Nc3 Nf6 3. g3 d5 4. Bg2 d4 5. Nd5 Nxd5 6. exd5 Nd7 7. Qe2 Bd6 8. Nf3
O-O 9. O-O Re8 10. Re1 b6 11. Nxd4 Bb7 12. Nf5 Nf6 13. c4 e4 14. Nxd6 Qxd6 15.
b3 c6 16. dxc6 Bxc6 17. Bb2 Rad8 18. Bc3 Bd7 19. h3 Bc8 20. Rad1 Qc5 21. Qe3 Qc7
22. Bxf6 gxf6 23. Bxe4 Bxh3 24. Qh6 f5 25. Qxh3 fxe4 26. Qg4+ Kh8 27. Rxe4 Rxe4
28. Qxe4 Qc5 29. d4 Qg5 30. d5 f5 31. Qe5+ Kg8 32. Re1 Qg6 33. Qe6+ Qxe6 34. Rxe6
Kf7 35. Kg2 Re8 36. Rxe8 Kxe8 37. b4 Kd7 38. c5 bxc5 39. bxc5 h6 40. Kf3 h5 41.
Kf4 Ke7 42. Kxf5 1-0

[Event "Druzynowe Mistrzostwa Polski Juniorow - II Liga"]
[Site "Iwonicz"]
[Date "2016-07-31"]
[Round "3.1"]
[White "Molenda, Marcin"]
[Black "Golenia, Wojciech"]
[Result "1-0"]
[WhiteTitle "k"]
[BlackTitle "I+"]
[WhiteElo "2267"]
[BlackElo "1967"]

1. d4 Nf6 2. Nf3 g6 3. g3 Bg7 4. Bg2 O-O 5. O-O d6 6. c4 Nc6 7. Nc3 Bf5 8. d5 Na5
9. Nd2 c6 10. b4 Nxd5 11. cxd5 Bxc3 12. e4 Bxa1 13. exf5 cxd5 14. bxa5 Bg7 15.
fxg6 hxg6 16. a6 e6 17. axb7 Rb8 18. h4 Rxb7 19. h5 Qg5 20. hxg6 Qxg6 21. Nb3
Rc8 22. Be3 Rc2 23. Nd4 Rxa2 24. Qc1 Rbb2 25. Qc8+ Kh7 26. Nf3 Bf6 27. Qf8 Re2
28. Qxd6 Qg7 29. Rd1 a5 30. Bc5 Rec2 31. Bf1 Kh8 32. Bd3 Rxc5 33. Qxc5 Qg4 34.
Kg2 Qb4 35. Rh1+ Kg8 36. Qc8+ Qf8 37. Bh7+ Kg7 38. Qc1 Be7 39. Qh6+ Kh8 40. Qxf8+
Bxf8 41. Bb1+ Kg8 42. Bxa2 Bg7 43. Rc1 a4 44. Rc8+ Kh7 45. Bb1+ f5 46. Ng5+ Kg6
47. Nxe6 Be5 48. f4 Bd6 49. Rc6 Be7 50. Ng5+ Kg7 51. Bxf5 a3 52. Ra6 d4 53. Kf3
d3 54. Bxd3 a2 55. Rxa2 Kh6 56. Ra6+ Kh5 57. g4+ Kh4 58. Rh6# 1-0

[Event "Druzynowe Mistrzostwa Polski Juniorow - II Liga"]
[Site "Iwonicz"]
[Date "2016-07-31"]
[Round "3.2"]
[White "Golenia, Jan"]
[Black "Koloczek, Maciej"]
[Result "1-0"]
[WhiteTitle "I"]
[BlackTitle "II"]
[WhiteElo "1860"]
[BlackElo "1731"]

1. d4 Nf6 2. c4 g6 3. Nc3 Bg7 4. e4 d6 5. f3 O-O 6. Be3 e5 7. Nge2 Nc6 8. d5 Ne7
9. Qd2 c5 10. O-O-O a6 11. g4 Bd7 12. Ng3 b5 13. h4 b4 14. Nce2 Qa5 15. Kb1 Qb6
16. h5 a5 17. Bh6 Ne8 18. Nc1 f6 19. Bxg7 Nxg7 20. g5 f5 21. h6 Ne8 22. Bd3 f4
23. Nf1 a4 24. Be2 a3 25. b3 Qd8 26. Nd3 Nc8 27. Rg1 Qe7 28. Nh2 Rb8 29. Bf1 Nb6
30. Nc1 Nc8 31. Qf2 Nb6 32. Qh4 Rd8 33. Ng4 Nc8 34. Bh3 Nb6 35. Rd2 Nc8 36. Rgd1
Nb6 37. Nd3 Kh8 38. Ka1 Nc8 39. Rg1 Nb6 40. Rdg2 Nc8 41. Kb1 Nb6 42. Rd1 Nc8 43.
Rgd2 Nb6 44. Re2 Nc8 45. Ndf2 Nb6 46. Rh1 Nc8 47. Nh2 Nb6 48. Bg4 Nc8 49. Bxd7
Qxd7 50. Qg4 Qxg4 51. Nhxg4 Nb6 52. Rd1 Nd7 53. Nd3 Nc7 54. Kc2 Kg8 55. Kd2 Na6
56. Ke1 Nc7 57. Kf2 Na6 58. Kg2 Nc7 59. Kh3 Na6 60. Ngf2 Nc7 61. Kg4 Kh8 62. Ne1
Ne8 63. Nfd3 Nc7 64. Rg2 Ne8 65. Nc2 Nc7 66. Ncxb4 cxb4 67. Nxb4 Nc5 68. Nc6 Rde8
69. b4 Na4 70. Rc2 Nb2 71. Rdd2 Ra8 72. c5 Nb5 73. cxd6 Nxd6 74. Nxe5 Rac8 75.
Rxc8 Rxc8 76. Kxf4 Rf8+ 77. Kg3 Ndc4 78. Nxc4 Nxc4 79. Rc2 Ne5 80. Rc3 Ra8 81.
f4 Nf7 82. e5 Kg8 83. b5 Kf8 84. b6 Ke8 85. b7 1-0

[Event "Druzynowe Mistrzostwa Polski Juniorow - II Liga"]
[Site "Iwonicz"]
[Date "2016-07-31"]
[Round "3.3"]
[White "Galuszka, Tomasz"]
[Black "Gawor, Jan Pawel"]
[Result "1-0"]
[WhiteTitle "II+"]
[BlackTitle "II"]
[WhiteElo "1768"]
[BlackElo "1647"]

1. e4 c5 2. Nf3 Nc6 3. d4 cxd4 4. Nxd4 Nf6 5. Nc3 e5 6. Ndb5 d6 7. Bg5 a6 8. Na3
b5 9. Bxf6 gxf6 10. Nd5 Bg7 11. c3 O-O 12. Bd3 Ne7 13. Qh5 f5 14. Nxe7+ Qxe7 15.
Nc2 f4 16. O-O Be6 17. Nb4 Kh8 18. a4 Qd7 19. axb5 axb5 20. Qe2 Qe7 21. Bxb5 Qg5
22. Rxa8 Rxa8 23. Bc6 Rg8 24. f3 Qg6 25. Bd5 Bd7 26. Kh1 Bf6 27. Ra1 Bh4 28. Qf1
Qh5 29. Ra8 Be8 30. Bc6 Bg3 31. h3 f6 32. Qb5 Bf7 33. Rxg8+ Kxg8 34. Bd5 Qh6 35.
Qe8+ Qf8 36. Bxf7+ Kg7 37. Qxf8+ Kxf8 38. Bd5 Ke7 39. Kg1 h5 40. Kf1 h4 41. Ke2
Kd7 42. Na6 Kc8 43. b4 1-0

[Event "Druzynowe Mistrzostwa Polski Juniorow - II Liga"]
[Site "Iwonicz"]
[Date "2016-07-31"]
[Round "3.4"]
[White "Krawczyk, Wojciech"]
[Black "Gazik, Jakub"]
[Result "1-0"]
[WhiteTitle "II+"]
[BlackTitle "II"]
[WhiteElo "1476"]
[BlackElo "1509"]

1. e4 d5 2. exd5 Qxd5 3. Nc3 Qd6 4. d4 Nf6 5. Nf3 a6 6. Bc4 b5 7. Bb3 Bb7 8. Be3
Nbd7 9. Qd2 e6 10. O-O-O Nb6 11. Rhg1 Nbd5 12. Nxd5 Nxd5 13. c3 Nxe3 14. Qxe3
Bd5 15. Bxd5 Qxd5 16. Qe5 c6 17. Kb1 a5 18. Rge1 b4 19. Re3 Rg8 20. Rc1 Bd6 21.
Qe4 Qxe4+ 22. Rxe4 Kd7 23. c4 Rad8 24. Rce1 Rge8 25. h3 f6 26. Kc2 Re7 27. Nd2
Rde8 28. c5 Bc7 29. Nc4 a4 30. f3 Rd8 31. Rc1 Kc8 32. Rd1 Kb7 33. Ne3 Ba5 34.
Nf5 Red7 35. Nd6+ Kb8 36. Rxe6 Bc7 37. Nf5 Kb7 38. Re4 g6 39. Ne3 f5 40. Re6 Rxd4
41. Rxd4 Rxd4 42. Re7 f4 43. Ng4 Rc4+ 44. Kb1 Rxc5 45. Rxh7 g5 46. Nf6 Re5 47.
Ne4 Kb6 48. Rh5 Bd8 49. h4 Rd5 50. hxg5 Rd1+ 51. Kc2 Rg1 52. Rh2 Ra1 53. g6 Rxa2
54. Kb1 1-0

[Event "Druzynowe Mistrzostwa Polski Juniorow - II Liga"]
[Site "Iwonicz"]
[Date "2016-07-31"]
[Round "3.5"]
[White "Kordela, Monika"]
[Black "Debowska, Michalina"]
[Result "1/2-1/2"]
[WhiteTitle "I"]
[BlackTitle "II+"]
[WhiteElo "1783"]
[BlackElo "1432"]

1. d4 d5 2. c4 e6 3. Nf3 Nf6 4. Nc3 Nbd7 5. Bg5 Be7 6. e3 O-O 7. Bd3 dxc4 8. Bxc4
a6 9. a4 b6 10. O-O Bb7 11. Rc1 c6 12. Bd3 c5 13. dxc5 Nxc5 14. Be2 Nd5 15. Bxe7
Qxe7 16. Nxd5 Bxd5 17. Nd4 Qb7 18. Bf3 Bxf3 19. Nxf3 Rfd8 20. Qc2 Rac8 21. Rcd1
Qe4 22. Qxe4 Nxe4 23. Rxd8+ Rxd8 24. Rc1 Nc5 25. h3 Nxa4 26. b4 Nb2 27. Rc6 Na4
28. Ne5 f6 29. Nc4 Kf7 30. Nxb6 Nxb6 31. Rxb6 Rd1+ 32. Kh2 Rb1 33. Kg3 f5 34.
f4 Rb2 35. Kf3 Ke7 36. h4 h6 37. g4 g6 1/2-1/2

[Event "Druzynowe Mistrzostwa Polski Juniorow - II Liga"]
[Site "Iwonicz"]
[Date "2016-07-31"]
[Round "3.6"]
[White "Budkiewicz, Magdalena"]
[Black "Adamczyk, Zuzanna"]
[Result "1/2-1/2"]
[WhiteTitle "I"]
[BlackTitle "I"]
[WhiteElo "1651"]
[BlackElo "1672"]

1. e4 c5 2. Nf3 e6 3. d4 cxd4 4. Nxd4 Nf6 5. Bd3 Nc6 6. Nxc6 bxc6 7. O-O d6 8.
c4 Be7 9. Nc3 O-O 10. Be3 e5 11. Qe2 Ng4 12. Bd2 Bg5 13. h3 Bxd2 14. Qxd2 Nf6
15. Rad1 Qe7 16. Ne2 Bb7 17. Ng3 Ne8 18. f4 exf4 19. Qxf4 Rd8 20. Nf5 Qe6 21.
Rde1 Qe5 22. Qg4 Kh8 23. Kh1 Bc8 24. Qg5 f6 25. Qe3 Rf7 26. b4 Rb7 27. b5 cxb5
28. cxb5 Be6 29. a4 Rc8 30. Rc1 Bxf5 31. Rxf5 Rxc1+ 32. Qxc1 Qe7 33. a5 Qd8 34.
Qa3 Nc7 35. Qb4 g6 36. Rf1 Kg7 37. Rc1 Na6 38. Qa3 Nc5 39. Rf1 Nxd3 40. Qxd3 Qxa5
41. Qxd6 Qc3 42. Qa6 Rc7 43. Qd6 1/2-1/2

[Event "Druzynowe Mistrzostwa Polski Juniorow - II Liga"]
[Site "Iwonicz"]
[Date "2016-07-31"]
[Round "3.7"]
[White "Wisniewski, Jacek"]
[Black "Raczynski, Krzysztof"]
[Result "1/2-1/2"]
[WhiteTitle "k"]
[BlackTitle "I++"]
[WhiteElo "1989"]
[BlackElo "2074"]

1. Nf3 Nf6 2. g3 g6 3. d4 Bg7 4. Bg2 O-O 5. c4 d6 6. O-O Nc6 7. Nc3 Bg4 8. h3 Bxf3
9. Bxf3 Nd7 10. e3 e5 11. dxe5 dxe5 12. Bg2 f5 13. Qd5+ Kh8 14. Rd1 Nb6 15. Qb5
Qe7 16. Bxc6 a6 17. Nd5 axb5 18. Nxe7 bxc6 19. Nxc6 Nxc4 20. b3 e4 21. Rb1 Nd6
22. Nb4 Nf7 23. Bb2 Ne5 24. Rd5 Nd3 25. Bxg7+ Kxg7 26. Nxd3 exd3 27. Rxd3 Rxa2
28. Rc1 Rc8 29. Rd7+ Kh6 30. Rcxc7 Rxc7 31. Rxc7 Rb2 32. Rc3 Kg5 33. Kg2 h5 34.
Kf3 b4 35. Rd3 Kf6 36. e4 fxe4+ 37. Kxe4 Rxf2 38. Rd6+ Kf7 39. Rb6 g5 40. Rxb4
Rh2 41. Rb5 Kf6 42. Rb6+ 1/2-1/2

[Event "Druzynowe Mistrzostwa Polski Juniorow - II Liga"]
[Site "Iwonicz"]
[Date "2016-07-31"]
[Round "3.8"]
[White "Kaminski, Piotr"]
[Black "Maminski, Hubert"]
[Result "1/2-1/2"]
[WhiteTitle "I"]
[BlackTitle "I"]
[WhiteElo "1902"]
[BlackElo "1801"]

1. e4 c5 2. Nf3 e6 3. d4 cxd4 4. Nxd4 Nf6 5. Nc3 Nc6 6. Ndb5 Bb4 7. a3 Bxc3+ 8.
Nxc3 d5 9. exd5 exd5 10. Bd3 O-O 11. O-O d4 12. Ne2 Qd5 13. Nf4 Qd6 14. h3 Ne5
15. Bd2 Nxd3 16. Nxd3 Qd5 17. Bb4 Re8 18. Nf4 Qe4 19. Qd2 Bf5 20. Rfe1 Qxc2 21.
Qxd4 Re4 22. Rxe4 Qxe4 23. Rd1 h6 24. Qxe4 Bxe4 25. Bc3 Ne8 26. f3 Bc6 27. Nd5
Kh7 28. Ne7 Bb5 29. Rd4 Nc7 30. a4 Be8 31. b3 Ne6 32. Rd5 Rd8 33. Rxd8 Nxd8 34.
Nc8 a6 35. Nd6 Bd7 36. Ba5 Nc6 37. Bc3 Nd8 38. Kf2 Kg6 39. Ba5 Nc6 40. Bb6 Be6
41. Nxb7 Bxb3 42. Nc5 Bc4 43. Ke3 f5 44. g3 Kf6 45. Bc7 g5 46. f4 Bf1 47. fxg5+
hxg5 48. h4 Kg6 49. hxg5 Kxg5 50. Ne6+ Kf6 51. Nd4 Nxd4 52. Kxd4 Ke6 53. Bf4 Be2
54. Kc5 Bf1 1/2-1/2

[Event "Druzynowe Mistrzostwa Polski Juniorow - II Liga"]
[Site "Iwonicz"]
[Date "2016-07-31"]
[Round "3.9"]
[White "Golecki, Jan"]
[Black "Mietkiewicz, Jacek"]
[Result "1-0"]
[WhiteTitle "I+"]
[BlackTitle "I"]
[WhiteElo "1758"]
[BlackElo "1687"]

1. Nf3 d5 2. g3 c5 3. Bg2 Nf6 4. O-O Bg4 5. d4 e6 6. c4 Nc6 7. cxd5 Nxd5 8. Ne5
Nxe5 9. dxe5 Qd7 10. h3 Bh5 11. Nc3 Rd8 12. Bg5 Be7 13. Bxe7 Nxe7 14. Qxd7+ Rxd7
15. Ne4 O-O 16. g4 Bg6 17. Nxc5 Rd2 18. Bxb7 Rxe2 19. b4 Nd5 20. Bxd5 exd5 21.
f4 Be4 22. Nxe4 Rxe4 23. b5 f6 24. exf6 Rxf6 25. a4 Rfxf4 26. Rxf4 Rxf4 27. a5
Rf8 28. Rd1 Rd8 29. Kf2 Kf8 30. Ke3 Ke7 31. Kd4 Rb8 32. Rb1 Kd6 33. b6 a6 34.
b7 Kc7 35. Kxd5 h5 36. gxh5 Rxb7 37. Rxb7+ Kxb7 38. Kd6 1-0

[Event "Druzynowe Mistrzostwa Polski Juniorow - II Liga"]
[Site "Iwonicz"]
[Date "2016-07-31"]
[Round "3.10"]
[White "Lepski, Maksymilian"]
[Black "Redzisz, Michal"]
[Result "0-1"]
[WhiteTitle "II"]
[BlackTitle "II"]
[WhiteElo "1442"]
[BlackElo "1756"]

1. d4 d5 2. c4 c6 3. Nc3 Nf6 4. Nf3 e6 5. Bg5 dxc4 6. a4 Bb4 7. Bxf6 Qxf6 8. e4
b5 9. Be2 Nd7 10. O-O Bxc3 11. bxc3 O-O 12. e5 Qe7 13. Nd2 Nb6 14. Bf3 Nd5 15.
Qc2 Bd7 16. Rfb1 a6 17. Ne4 f6 18. exf6 gxf6 19. Nc5 Qd6 20. Re1 Kh8 21. Qd2 Rg8
22. g3 f5 23. Bxd5 exd5 24. a5 Ra7 25. Re2 f4 26. Re5 fxg3 27. hxg3 Qf6 28. Kg2
Bg4 29. Qe3 Rf7 30. f4 Rfg7 31. Qf2 Bf5 32. Re3 Rg4 33. Rh1 Bc8 34. Rh3 Rxf4 0-1

[Event "Druzynowe Mistrzostwa Polski Juniorow - II Liga"]
[Site "Iwonicz"]
[Date "2016-07-31"]
[Round "3.11"]
[White "Kozaczynska, Aleksandra"]
[Black "Szelag, Zuzanna"]
[Result "1/2-1/2"]
[WhiteTitle "I++"]
[BlackTitle "I++"]
[WhiteElo "1683"]
[BlackElo "1732"]

1. e4 c5 2. Nf3 e6 3. d4 cxd4 4. Nxd4 a6 5. c4 Nf6 6. Nc3 Qc7 7. Qe2 d6 8. g3 b6
9. Bg2 Bb7 10. Bd2 Be7 11. Rc1 Nbd7 12. O-O O-O 13. f4 Rac8 14. b3 Rfe8 15. f5
exf5 16. Nxf5 Bf8 17. g4 Nc5 18. Nh6+ Kh8 19. Nxf7+ Qxf7 20. g5 Qg6 21. gxf6 gxf6
22. Kh1 Bxe4 23. Nxe4 Nxe4 24. Bxe4 Rxe4 25. Qf3 Rce8 26. Qxf6+ Qxf6 27. Rxf6
R4e6 28. Rcf1 Bg7 29. Rxe6 Rxe6 30. Re1 Rxe1+ 31. Bxe1 Be5 32. a4 Bd4 33. Bg3
Bc5 34. Kg2 Kg8 35. Kf3 Kf7 36. Kf4 Ke6 37. Ke4 1/2-1/2

[Event "Druzynowe Mistrzostwa Polski Juniorow - II Liga"]
[Site "Iwonicz"]
[Date "2016-07-31"]
[Round "3.12"]
[White "Furtak, Joanna"]
[Black "Zyznowska, Marianna"]
[Result "1-0"]
[WhiteTitle "I+"]
[BlackTitle "II+"]
[WhiteElo "1686"]
[BlackElo "1122"]

1. e4 e5 2. Nc3 Nf6 3. f4 d6 4. fxe5 dxe5 5. Nf3 Nc6 6. Bb5 Bg4 7. d3 Bc5 8. Bg5
O-O 9. Nd5 Qd6 10. Nxf6+ gxf6 11. Bh6 Rfd8 12. Bxc6 Qxc6 13. Nxe5 Bxd1 14. Nxc6
bxc6 15. Kxd1 Rab8 16. Rf1 Rd6 17. Rb1 Bd4 18. b3 c5 19. Rf3 Be5 20. Bf4 c6 21.
Bxe5 fxe5 22. Ke2 Kg7 23. Rbf1 f6 24. Rg3+ Kf7 25. Rf5 Rg8 26. Rxg8 Kxg8 27. Kd2
Kf7 28. Kc3 Rd4 29. g4 h6 30. h3 a6 31. Kd2 Rd8 32. Ke3 Rg8 33. Rf3 Ke6 34. Rf5
Kf7 35. Kd2 Rg5 36. Rxg5 hxg5 37. Kc3 Ke6 38. Kc4 Kd6 39. c3 a5 40. a3 Kc7 41.
Kxc5 Kd7 42. Kb6 Kd6 43. c4 c5 44. Kxa5 Kc6 45. Ka6 Kc7 46. Kb5 Kd6 47. Kb6 Kd7
48. Kb7 Kd6 49. a4 Kd7 50. a5 Kd8 51. a6 Kd7 52. a7 Kd6 53. a8=Q Ke7 54. Qc8 Kf7
55. Kc6 Kg7 56. Kd6 Kf7 57. Qe6+ Kg7 58. Ke7 Kg6 59. Qxf6+ Kh7 60. Qxg5 Kh8 61.
Kf7 1-0

[Event "Druzynowe Mistrzostwa Polski Juniorow - II Liga"]
[Site "Iwonicz"]
[Date "2016-07-31"]
[Round "3.13"]
[White "Klementowski, Dawid"]
[Black "Leskiewicz, Ignacy"]
[Result "1/2-1/2"]
[WhiteTitle "I"]
[BlackTitle "I"]
[WhiteElo "2000"]
[BlackElo "1921"]

1. e4 c5 2. b3 d6 3. Bb2 Nf6 4. Bb5+ Bd7 5. Bxd7+ Nbxd7 6. d3 e6 7. f4 Nb6 8. Nf3
d5 9. Qe2 Be7 10. Nbd2 Qc7 11. Ne5 O-O 12. O-O Rac8 13. a4 dxe4 14. dxe4 Rfd8
15. Rad1 Ne8 16. a5 Nd7 17. Ndc4 f6 18. Qg4 Nf8 19. Nd3 b5 20. axb6 axb6 21. Ne3
b5 22. c4 Qb7 23. f5 bxc4 24. bxc4 Rxd3 25. Rxd3 Qxb2 26. fxe6 Rc6 27. Nf5 Rxe6
28. Nh6+ Kh8 29. Nf7+ Kg8 30. Nh6+ Kh8 31. Nf7+ 1/2-1/2

[Event "Druzynowe Mistrzostwa Polski Juniorow - II Liga"]
[Site "Iwonicz"]
[Date "2016-07-31"]
[Round "3.15"]
[White "Grochol, Kamil"]
[Black "Nowak, Mikolaj"]
[Result "1-0"]
[WhiteTitle "II+"]
[BlackTitle "I++"]
[WhiteElo "1648"]
[BlackElo "2091"]

1. e4 c6 2. d4 d5 3. Nc3 dxe4 4. Nxe4 Nd7 5. Ng5 Ngf6 6. Bc4 e6 7. Qe2 Nb6 8. Bd3
Be7 9. c3 h6 10. Ne4 Nbd5 11. Nf3 Qc7 12. Be3 Nf4 13. Bxf4 Qxf4 14. Ne5 Nxe4 15.
Bxe4 Bd6 16. Nxc6 O-O 17. g3 Qf6 18. Ne5 g6 19. f4 Rb8 20. Rf1 Rd8 21. h4 h5 22.
O-O-O Qg7 23. Bc2 f5 24. Rde1 Re8 25. Qb5 Re7 26. Bb3 Qf6 27. Re3 Kg7 28. Rfe1
a6 29. Qe2 Bc7 30. Qf2 Re8 31. Nf3 b5 32. Ng5 Rb6 33. R1e2 b4 34. Qe1 bxc3 35.
bxc3 Bd6 36. Kc2 a5 37. Nxe6+ Kh6 38. Ng5 Rxe3 39. Rxe3 Ba3 40. Re8 Bf8 41. Rxc8
a4 1-0